<?xml version="1.0" encoding="UTF-8"?>
<record
    xmlns:xsi="http://www.w3.org/2001/XMLSchema-instance"
    xsi:schemaLocation="http://www.loc.gov/MARC21/slim http://www.loc.gov/standards/marcxml/schema/MARC21slim.xsd"
    xmlns="http://www.loc.gov/MARC21/slim">

  <leader>00764nam a22002297a 4500</leader>
  <controlfield tag="001">6111</controlfield>
  <controlfield tag="003">FISKH</controlfield>
  <controlfield tag="005">20250421091052.0</controlfield>
  <controlfield tag="008">250314b        cb ||||| |||| 00| 0 eng d</controlfield>
  <datafield tag="040" ind1=" " ind2=" ">
    <subfield code="a">FISKH</subfield>
    <subfield code="b">Khmer </subfield>
    <subfield code="c">FISKH</subfield>
    <subfield code="d">FISKH</subfield>
  </datafield>
  <datafield tag="050" ind1=" " ind2=" ">
    <subfield code="a">PZ7</subfield>
  </datafield>
  <datafield tag="082" ind1=" " ind2=" ">
    <subfield code="a">900</subfield>
  </datafield>
  <datafield tag="100" ind1=" " ind2=" ">
    <subfield code="a">Leangkim, Eung </subfield>
  </datafield>
  <datafield tag="245" ind1=" " ind2=" ">
    <subfield code="a">&#x1796;&#x17D2;&#x179A;&#x17C7;&#x179C;&#x17C1;&#x179F;&#x17D2;&#x179F;&#x1793;&#x17D2;&#x178F;&#x179A; :</subfield>
    <subfield code="b">&#x17A2;&#x178F;&#x17D2;&#x1790;&#x1794;&#x1791;&#x179A;&#x17BF;&#x1784;&#x17A2;&#x1798;&#x178A;&#x17C4;&#x1799;&#x179A;&#x17BC;&#x1794;&#x1797;&#x17B6;&#x1796;&#x200B; / </subfield>
    <subfield code="c">&#x17A2;&#x17BB;&#x17BA;&#x1784; &#x179B;&#x17B6;&#x1784;&#x1782;&#x17BA;&#x1798;</subfield>
  </datafield>
  <datafield tag="260" ind1=" " ind2=" ">
    <subfield code="a">Phnom Penh : </subfield>
    <subfield code="c">2014.</subfield>
  </datafield>
  <datafield tag="300" ind1=" " ind2=" ">
    <subfield code="a">45 pages : </subfield>
    <subfield code="b">illustrations ; </subfield>
    <subfield code="c">20 cm . </subfield>
  </datafield>
  <datafield tag="650" ind1=" " ind2=" ">
    <subfield code="a">&#x1796;&#x17D2;&#x179A;&#x17C7;&#x179C;&#x17C1;&#x179F;&#x17D2;&#x179F;&#x1793;&#x17D2;&#x178F;&#x179A;</subfield>
  </datafield>
  <datafield tag="650" ind1=" " ind2=" ">
    <subfield code="a">Preah Ve sSon Dor</subfield>
  </datafield>
  <datafield tag="700" ind1=" " ind2=" ">
    <subfield code="a">&#x1798;&#x17B6;&#x1793; &#x1791;&#x17B7;&#x178A;&#x17D2;&#x178C;&#x1797;&#x17B6;&#x1796;</subfield>
    <subfield code="e">&#x179A;&#x17BC;&#x1794;&#x1797;&#x17B6;&#x1796;&#x1782;&#x17C6;&#x1793;&#x17BC;&#x179A;</subfield>
  </datafield>
  <datafield tag="942" ind1=" " ind2=" ">
    <subfield code="2">ddc</subfield>
    <subfield code="c">BK</subfield>
    <subfield code="n">0</subfield>
  </datafield>
  <datafield tag="999" ind1=" " ind2=" ">
    <subfield code="c">6111</subfield>
    <subfield code="d">6111</subfield>
  </datafield>
  <datafield tag="952" ind1=" " ind2=" ">
    <subfield code="0">0</subfield>
    <subfield code="1">0</subfield>
    <subfield code="2">ddc</subfield>
    <subfield code="4">0</subfield>
    <subfield code="7">0</subfield>
    <subfield code="8">KH</subfield>
    <subfield code="a">002</subfield>
    <subfield code="b">002</subfield>
    <subfield code="c">SKB</subfield>
    <subfield code="d">2025-03-14</subfield>
    <subfield code="l">0</subfield>
    <subfield code="o">LEA PZ7 900</subfield>
    <subfield code="p">FISSE01732</subfield>
    <subfield code="r">2025-03-14 13:09:38</subfield>
    <subfield code="t">1</subfield>
    <subfield code="w">2025-03-14</subfield>
    <subfield code="y">BK</subfield>
  </datafield>
  <datafield tag="952" ind1=" " ind2=" ">
    <subfield code="0">0</subfield>
    <subfield code="1">0</subfield>
    <subfield code="2">ddc</subfield>
    <subfield code="4">0</subfield>
    <subfield code="7">0</subfield>
    <subfield code="8">KH</subfield>
    <subfield code="a">002</subfield>
    <subfield code="b">002</subfield>
    <subfield code="c">SKB</subfield>
    <subfield code="d">2025-04-09</subfield>
    <subfield code="l">0</subfield>
    <subfield code="o">LEA PZ7 900</subfield>
    <subfield code="p">FISSE01661</subfield>
    <subfield code="r">2025-04-09 10:49:38</subfield>
    <subfield code="t">2</subfield>
    <subfield code="w">2025-04-09</subfield>
    <subfield code="y">BK</subfield>
  </datafield>
</record>
